000
00237nmm a2200085Ia 4500
008
220120s9999||||xx |||||||||||||||||und||
100
_a
CHIP magazine
245
0
_a
Power tools pack; 10 free accounting applications, Game Dem
260
_c
2013
999
_c
139851
_d
139851